Statistics for Top 15 largest Municipalities in Luxembourg

Click here to take the quiz!

General Stats

  • This quiz has been taken 2 times
  • The average score is 4 of 15

Answer Stats

CantonPopulationTown% Correct
Luxembourg132.780Luxembourg
100%
Esch-sur-Alzette29.536Differdange
50%
Esch-sur-Alzette36.625Esch-sur-Alzette
50%
Capellen11.015Käerjeng
50%
Esch-sur-Alzette20.563Pétange
50%
Esch-sur-Alzette18.333Sanem
50%
Esch-sur-Alzette11.422Bettembourg
0%
Esch-sur-Alzette21.953Dudelange
0%
Diekirch9.688Ettelbruck
0%
Luxembourg16.433Hesperange
0%
Esch-sur-Alzette9.865Kayl
0%
Capellen10.643Mamer
0%
Mersch10.393Mersch
0%
Esch-sur-Alzette11.363Schifflange
0%
Luxembourg10.538Strassen
0%

Score Distribution

Percentile by Number Answered

Percent of People with Each Score

Your Score History

You have not taken this quiz